| 000 | 00393nam a22001217a 4500 | ||
|---|---|---|---|
| 008 | 230704b xxu||||| |||| 00| 0 eng d | ||
| 020 | _a0160416124 | ||
| 082 |
_a363.7 _bCEQ |
||
| 100 | _cDale Curtis | ||
| 245 |
_aEnvironmental Quality _bthe Twenty-third Annual Report of the Council on Environmental Quality Together with The President's Message to Congress |
||
| 300 | _a451p | ||
| 942 |
_2ddc _cBK |
||
| 999 |
_c3916 _d3916 |
||